Using a Magnet / (Record no. 204405)

MARC details
000 -LEADER
fixed length control field 01237nam a2200313 ia4500
003 - CONTROL NUMBER IDENTIFIER
control field OSt
005 - DATE AND TIME OF LATEST TRANSACTION
control field 20260521151845.0
008 - FIXED-LENGTH DATA ELEMENTS--GENERAL INFORMATION
fixed length control field 260521t20252025nyuoab br 001 0 eng d
020 ## - INTERNATIONAL STANDARD BOOK NUMBER
International Standard Book Number 9781510559172
Terms of availability RM137.50
Qualifying information hardback
040 ## - CATALOGING SOURCE
Original cataloging agency PPAK
Language of cataloging eng
Transcribing agency PPAK
Description conventions rda
082 04 - DEWEY DECIMAL CLASSIFICATION NUMBER
Edition number 23
Classification number 538
090 00 - LOCALLY ASSIGNED LC-TYPE CALL NUMBER (OCLC); LOCAL CALL NUMBER (RLIN)
Classification number (OCLC) (R) ; Classification number, CALL (RLIN) (NR) 538
Feature heading BEA
Feature heading K
100 1# - MAIN ENTRY--PERSONAL NAME
Personal name Beaucage, Adrienne,
Relator term author.
245 10 - TITLE STATEMENT
Title Using a Magnet /
Statement of responsibility, etc. Adrienne Beaucage
264 #1 - PRODUCTION, PUBLICATION, DISTRIBUTION, MANUFACTURE, AND COPYRIGHT NOTICE
Place of production, publication, distribution, manufacture New York :
Name of producer, publisher, distributor, manufacturer Lightbox Learning Inc.,
Date of production, publication, distribution, manufacture, or copyright notice [2025?]
Date of production, publication, distribution, manufacture, or copyright notice ©2025
300 ## - PHYSICAL DESCRIPTION
Extent 24 pages :
Other physical details colour photographs, colour illustrations, colour maps ;
Dimensions 26 cm
336 ## - CONTENT TYPE
Content type term text
Source rdacontent
337 ## - MEDIA TYPE
Media type term unmediated
Source rdamedia
338 ## - CARRIER TYPE
Carrier type term volume
Source rdacarrier
490 1# - SERIES STATEMENT
Series statement SUPER SCIENCE TOOLS
500 ## - GENERAL NOTE
General note Includes index.
520 ## - SUMMARY, ETC.
Summary, etc. A magnet is a rock or piece of metal that creates a magnetic field. This is an invisible field that causes magnets to pull certain types of metal toward themselves. Discover more in Using a Magnet, part of the Super Science Tools series.
650 10 - SUBJECT ADDED ENTRY--TOPICAL TERM
Topical term or geographic name entry element Magnetism
Form subdivision Juvenile literature
Topical term or geographic name entry element Magnets
Form subdivision Juvenile literature
Topical term or geographic name entry element Physical science
Form subdivision Juvenile literature
830 #0 - SERIES ADDED ENTRY--UNIFORM TITLE
Uniform title Super Science tools
942 ## - ADDED ENTRY ELEMENTS (KOHA)
Source of classification or shelving scheme Dewey Decimal Classification
Koha item type Book

No items available.